| 000 | 00601cam a22002171 4500 | ||
|---|---|---|---|
| 001 | sa 63002702 | ||
| 003 | DLC | ||
| 005 | 20260227111935.0 | ||
| 008 | 820218s1962 ii a 000 0 eng | ||
| 010 | _asa 63002702 | ||
| 035 | _a(OCoLC)8167516 | ||
| 040 |
_aDLC _cOAkU _dDLC |
||
| 042 | _apremarc | ||
| 050 | 0 | 0 |
_aTS1890 _b.H475 1962 |
| 100 | 1 |
_aHelen, John, _d1878- |
|
| 245 | 1 | 0 | _aFrom theory to practice in rubber fabrication. |
| 250 |
_aRev. ed. _bof volumes I & II. |
||
| 260 |
_aKottayam, _bPrinted at the C. M. S. Press _c[1962?] |
||
| 300 |
_a671 p. _billus. _c23 cm. |
||
| 650 | 0 | _aRubber. | |
| 999 |
_c54611 _d54611 |
||